| 000 | 02075cam a22003974i 4500 | ||
|---|---|---|---|
| 003 | PE-LiUPU | ||
| 005 | 20250731173201.0 | ||
| 008 | 150625s r 000 0 d | ||
| 035 | _a(Sirsi) a30046 | ||
| 040 |
_aPE-LiUPU _bspa _cPE-LiUPU _erda |
||
| 082 | 0 | 4 |
_a200.9 _bR62 _221 |
| 100 | 1 |
_aRinaldi, Juan, _eautor. |
|
| 245 | 1 | 3 | _aEl Legado de los Siglos. |
| 264 | 1 |
_aBarcelona : _bEdiciones Eler, _c1995. |
|
| 300 |
_a615 páginas ; _c24 cm. |
||
| 336 |
_atext _2rdacontent |
||
| 337 |
_aunmediated _2rdamedia |
||
| 338 |
_avolume _2rdacarrier |
||
| 505 | 0 | _aEn el principio. -Seis dias para un mundo. -Mundos habitados. -paraiso terrestre y pecado original. -La palabra de un biologo. -La palabra de un linguista. -En los umbrales de la historia. -Los indoeuropeos. -Los camitas. -Los semitas. -Los patriarcas, la ley mosaica y las legislaciones del antiguo oriente. -Israel en su historia. -Israel en la historia de antiguo Oriente. -La esperanza mesianica. -La palabra viviente y las voces sepultadas. -Las lenguas de la biblia. -La literatura hebrea biblica. -Los papiros. -Los manuscritos del Mar Muerto. -Poesia y religion de los Salmos. -Los sabios de Israel. -Los heraldos de Dios. -Donde vivio Jesus. -El mensaje a los pobres. -Un medico lee el evangelio. -Sabana, vendas y sudario en la sepultura de Cristo. -El venagelio y los evangelios. -Los apostoles. -El misterio de nuestra salvacion. -La revelacion del apocalipsis. | |
| 526 | _aSEG42 | ||
| 526 | _aSEG41 | ||
| 526 | _aSEG40 | ||
| 526 | _aSEG39 | ||
| 526 | _aP94 | ||
| 526 | _aP87 | ||
| 526 | _aP86 | ||
| 526 | _aP85 | ||
| 526 | _aP77 | ||
| 526 | _aP76 | ||
| 526 | _aP35 | ||
| 942 |
_2ddc _cBOOK |
||
| 949 |
_a200.9 R62 _wDEWEY _c1 _i36278 _lCCODEBUL1 _mBUL _p00.00 _r0 _sY _tBOOK _u2015-06-25 _xBIBLIOTECA _zUNKNOWN _0COMPRA _o.STAFF. Colección General |
||
| 596 | _a1 | ||
| 999 |
_a200.9 R62 _wDEWEY _c37464 _i36278 _f2021-11-11 _g6 _lCCODEBUL1 _mBUL _r0 _sY _tBOOK _u2015-6-25 _xTEOLOGIA _zUNKNOWN _0COMPRA _o.STAFF. Colección General _d37464 |
||
| 980 |
_81 _gALBERTO SANCHEZ Responsable de Automatización |
||